Normal view
MARC view
Entry Topical Term
001 - CONTROL NUMBER
- control field: 65619
003 - CONTROL NUMBER IDENTIFIER
- control field: OSt
005 - DATE AND TIME OF LATEST TRANSACTION
- control field: 20260122192357.0
008 - FIXED-LENGTH DATA ELEMENTS
- fixed length control field: 260122|| aca||aabn | a|a d
040 ## - CATALOGING SOURCE
- Original cataloging agency: OSt
- Transcribing agency: OSt
150 ## - HEADING--TOPICAL TERM
- Topical term or geographic name entry element: ထေရုပ်ႉပတ်ႉတိ (ပပ်ႉတီႈမၢႆတွင်း)
670 ## - SOURCE DATA FOUND
- Source citation: Work cat.: (OSt)23639: ပီၵွၼ်းၶမ်းၸဝ်ႈသြႃႇၵဝိထၸဝိႁၢရ်ၼွင်မွၼ်တူင်ႇဝဵင်းလႃႈသဵဝ်ႈ။ , 2018